[Event "BCF-chT4 2223 (4NCL)"]
[Site "England"]
[Date "2022.11.05"]
[Round "1.66"]
[White "Stephens, Graeme"]
[Black "Wang, Luoling"]
[Result "1-0"]
[WhiteElo "1760"]
[BlackElo "500"]
[PlyCount "45"]
[EventDate "2022.11.05"]
[EventType "team-swiss"]
[EventRounds "11"]
[EventCountry "ENG"]
[SourceTitle "EXT 2024"]
[Source "ChessBase"]
[SourceDate "2023.10.10"]
[SourceVersion "1"]
[SourceVersionDate "2023.10.10"]
[SourceQuality "1"]
[WhiteTeam "Oxford III"]
[BlackTeam "Cambridge University II"]
[WhiteTeamCountry "ENG"]
[BlackTeamCountry "ENG"]

1. d4 d5 2. c4 c5 3. cxd5 cxd4 4. Qxd4 f6 5. e4 e5 6. Qd1 Bb4+ 7. Nc3 Ne7 8. Qa4+ Nd7 9. Qxb4 0-0 10. Nf3 Nb6 11. Be2 Nexd5 12. Nxd5 Nxd5 13. exd5 Qxd5 14. Bc4 Qf7 15. Bxf7+ Rxf7 16. 0-0 f5 17. Rd1 Rf8 18. Nxe5 b6 19. Qc4+ Be6 20. Qxe6+ Rf7 21. Nxf7 Kf8 22. Nd8 g6 23. Qf7# 1-0